Responses for Show #8853 - Wednesday, April 19, 2023

Deb Bilodeau game 2.

Contestants

[<< previous game]

Ben Spilsbury, a sales engineer from Long Island City, New York

Devin Lohman, an architectural designer and masters student from Peachtree City, Georgia

Deb Bilodeau, a winemaker from Oakland, California (whose 1-day cash winnings total $16,601)

[next game >>]

Jeopardy! Round responses

PEOPLE IN BOOKS
WHERE IS IT, DOC?
OLIVE YOU
TV
I'M SO PROUD
MY KID GOT INTO AN IVY LEAGUE MUSEUM
    $200 29
the Mohicans

Ben
    $200 1
the stomach

Ben
    $200 3
California

Ben
    $200 2
Yellowstone

Ben
    $200 27
(Devin: What is big brain?)

a big head (a swelled head)

DevinBen
    $200 30
(Deb: What is tobacco?)

pipes

Deb
Triple Stumper
    $600 5
The Great Gatsby

Deb
    $400 13
shoulder

Devin
    $400 11
Noah

Ben
    $400 14
90-Day Fiancé

Ben
    $400 24
boast

Deb
    $400 26
the Mediterranean

Deb
    $600 8
1984

Devin
    $600 16
esophagus

Deb
    $600 21
Crete

Deb
    $600 4
White Lotus

Deb
    $600 15
(Ken: Yes, [*], not hottie.)

haughty

Deb
    $600 9
beetles

Deb
    $800 19
Cosette

Ben
    $800 17
(Deb: What is the knee?)

a nail

Deb
Triple Stumper
    $800 22
tapenade

Deb
    $800 12
Deschanel

Deb
    $800 7
(Ken: Yes, from imperial.)

imperious

Deb
    $800 6
the White Mountains

Deb
    $1000 20
(Ken: She should not have done so, it's [*].)

An American Tragedy

Triple Stumper
    $1000 18
the brain

Devin
    $1000 23
(Ken: Yeah, the winemaker knows their olives.)

Kalamata

Deb
    $1000 28
(J.J.) Abrams

Deb
    $1000 25
(Ben: What is bragging?)

gloating

Ben
Triple Stumper
    $1000 10
(Deb: Who is Gainsborough?)

Sir Joshua Reynolds

Deb
Triple Stumper

Scores at the first commercial break (after clue 15):

Deb Devin Ben
$3,800 $1,000 $1,400

Scores at the end of the Jeopardy! Round:

Deb Devin Ben
$7,600 $1,800 $1,600

Double Jeopardy! Round responses

JUSTINIAN TIME
A EUROPEAN VACATION
MUSIC-"O"-LOGY
(Ken: Each response ending in "O".)
A BOX OF MATCHES
MOVIE COMEDIES
WE PREDICT 5 ANAGRAMS OF NOSTRADAMUS
    $400 29
[The end-of-round signal sounds.]

the Black Sea

Ben
    $400 25
tempo

Devin
    $400 28
(Deb: What is India?)

Australia

DebBen
    $400 20
Monty Python and the Holy Grail

Deb
    $400 22
rust

Deb
    $800 23
caesar

Deb
    $800 26
Budapest

Devin
    $800 24
(Ken: You're in the lead with less than a minute to play.)

presto

Deb
    $800 27
3

Devin
    $800 19
Pitch Perfect

Ben
    $800 21
ants

Triple Stumper
    $1200 14
Code

Deb
    $1200 3
Gibraltar

Devin
    $1200 9
crescendo

Devin
    $1200 16
Celebrity Death Match

Deb
    $1200 1
Clueless

Deb
    $1200 7
mantras

Ben
    $7,000 12
the Academy

Devin
    $1600 4
Estonia

Devin
    $5,800 10
an arpeggio

Devin
    $1600 15
Paris Match

Triple Stumper
    $1600 2
John Cena

Ben
    $1600 6
(Ben: Uh, what is Mars?)
...
(Ken: SO DAM [*] anagrams to Nostradamus, yes.)

Saturn

DebBen
    $2000 13
the Hagia Sophia

Devin
    $2000 5
Thebes

Triple Stumper
    $2000 11
a capriccio

Triple Stumper
    $2000 17
(Devin: What is a rifle?)

matchlocks

Devin
Triple Stumper
    $2000 18
(Ken: Well done, you know your Sturges.)

Sullivan's Travels

Deb
    $2000 8
astound

Deb

Scores at the end of the Double Jeopardy! Round:

Deb Devin Ben
$18,800 $20,600 $4,400

[wagering suggestions for these scores]

Final Jeopardy! Round responses

LIVES OF THE POETS
(Ken: No, the seminary at Mount Holyoke said that Emily was "without [*]". "[*] is the thing with feathers", she wrote.)
BenWhat is faith
$4,399
DebWhat is doubt?
$18,800
DevinWhat is God
$19,400
hope

Final scores:

Deb Devin Ben
$0 $1,200 $1
3rd place: $1,000 New champion: $1,200 2nd place: $2,000

Game dynamics:

Coryat scores:

Deb Devin Ben
$18,600 $11,000 $4,400
24 R
(including 1 DD),
4 W
12 R
(including 2 DDs),
2 W
13 R,
2 W

Combined Coryat: $34,000

[game clues] [game scores] [suggest correction]

Game tape date: 2023-02-07
The J! Archive is created by fans, for fans. Scraping, republication, monetization, and malicious use prohibited; this site may use cookies and collect identifying information. See terms. The Jeopardy! game show and all elements thereof, including but not limited to copyright and trademark thereto, are the property of Jeopardy Productions, Inc. and are protected under law. This website is not affiliated with, sponsored by, or operated by Jeopardy Productions, Inc. Join the discussion at JBoard.tv.